Cm̤o calcular las pensiones que otorga el IMSS 2018

Detalles Bibliográficos
Autor principal: Přez Chv̀ez, Još
Formato: eBook
Lenguaje:español
Publicado: Ciudad de Mx̌ico: Tax Editores, 2018
Materias:
Acceso en línea:Acceso restringido

MARC

LEADER 00000nam a22000007a 4500
005 20180515233020.0
007 cr|||| ||||
008 180515s2018 mx |||||s|||| 00||0 spa d
020 |a 978-607-629-186-3 
035 |a 21705 
040 |a vLex 
090 |c 7969  |d 7969 
100 1 |a Přez Chv̀ez, Još 
245 1 0 |a Cm̤o calcular las pensiones que otorga el IMSS 2018  |h [Recurso electrn̤ico] /  |c Jos ̌Přez Chv̀ez, Raymundo Fol Olgun̕ 
256 |a Servicio en ln̕ea 
260 |a Ciudad de Mx̌ico:  |b Tax Editores,  |c 2018 
300 |a 1 recurso electrn̤ico 
500 |a De acuerdo con el artc̕ulo 4o. de la Ley del Seguro Social (LSS), el gobierno federal debe garantizar a los trabajadores, y a sus beneficiarios legales, la atencin̤ mďico-hospitalaria, farmacǔtica, las prestaciones econm̤icas por riesgos ocupacionales, por enfermedad y maternidad; as ̕como los servicios sociales necesarios para el bienestar familiar. Mediante el seguro social se reconoce el derecho de los trabajadores a disfrutar de una pensin̤ digna cuando se le determine una incapacidad permanente, parcial o total imputable al desempeǫ de sus actividades de trabajo, ya sea por accidente o enfermedad profesional; o bien, cuando tras padecer una enfermedad general incurra en un estado de invalidez que le impida continuar con su relacin̤ laboral o, finalmente, porque concluy ̤su vida de servicio. Para el IMSS, r̤gano encargado de administrar el seguro social, una pensin̤ es el resultado del esfuerzo de los trabajadores durante la vida laboral. Contar con ella ofrece tranquilidad y seguridad de disponer mensualmente de una cantidad que permitir ̀a todo el nc︢leo familiar vivir con dignidad y, en caso de fallecimiento del pensionado, la viuda y los huřfanos o, en su caso, los ascendientes, conservarǹ el derecho a la pensin̤ de vida. En esta obra se analiza cada una de las pensiones que otorga el IMSS en los seguros de riesgos de trabajo e invalidez y vida, as ̕como en los ramos de cesanta̕ en edad avanzada y vejez (rǧimen anterior y actual); adems̀ se incluyen casos prc̀ticos que describen, de manera sencilla y clara, el procedimiento a seguir para su cl̀culo. 
506 1 |a Disponible solo en los productos indicados  |d vLex Global  |d vLex Global (Academic Edition, excluding Law Schools)  |d vLex Global (U.S. Academic Edition, Law Schools)  |d vLex Global (U.S. Academic Edition, excluding Law Schools)  |d vLex Global (Academic Edition, Law Schools) 
650 0 4 |a Derecho Laboral y Seguridad Social  |z Mx̌ico 
650 0 4 |a Derecho Fiscal  |z Mx̌ico 
700 1 |4 Fol Olgun̕, Raymundo 
740 0 |a vLex Libros (Servicio en ln̕ea) 
856 4 0 |u http://vlex.com/source/como-calcular-las-pensiones-que-otorga-el-imss-2018-21705  |z Acceso restringido 
942 |c BOOK 
999 0 |a Labor Law and Social Security 
999 0 |a Tax Law